000
00341nam a2200157Ia 4500
003
IT-RoPAU
008
120407s9999 xx 000 0 und d
040
_a
IT-RoPAU
040
_c
IT-RoPAU
100
_a
Giovanni Grimaldi
245
_a
Giuseppe Calasanzio
260
_a
San Paolo Edizioni
300
_c
cm
490
_v
1
942
_c
BK
999
_c
10776
_d
10776